000 00807nam a22002657a 4500
001 0011407
003 DO-SdBNP
005 20220526122900.0
007 0011407
008 160915b 2006 sp |||| 00| 0 spa d
020 _a9972209113
040 _aBPMSU
_bspa
_cBPMSU
082 _a510.76
_bA699t 2006
_222
245 0 0 _aAritmética
_b
246 1 4 _aManual de preparación pre-universitaria :
_baritmética. Teoría, conceptos, ejercicios y propuestas
260 _aBarcelona :
_bLexus Editores,
_c2006
300 _a344 p. :
_bil.;
_c27 cm.
590 _6Inventariado, 2022/VM
650 4 _aMatemática
_vProblemas, ejercicios, etc.
650 4 _aMatemáticas.
_x Metodología
_v
710 2 _aLexus Editores
910 _aVMateo V.
942 _2ddc
_cBK
956 _aBTAVÁREZ
_b10
_c20161509
_d0011407
999 _c11409
_d11409